Home Print Resources E-Books E-Journals IIMT Lecture Series Library Membership Form Book Recommendation Form Campus Tour Take AdmissionAbout Us Contact Us

All India Reporter (Record no. 51234)

000 -LEADER
fixed length control field nam a22 7a 4500
003 - CONTROL NUMBER IDENTIFIER
control field OSt
005 - DATE AND TIME OF LATEST TRANSACTION
control field 20211228095538.0
008 - FIXED-LENGTH DATA ELEMENTS--GENERAL INFORMATION
fixed length control field 211228b xxu||||| |||| 00| 0 eng d
040 ## - CATALOGING SOURCE
Transcribing agency sero soft
100 ## - MAIN ENTRY--PERSONAL NAME
Personal name AIR
245 ## - TITLE STATEMENT
Title All India Reporter
260 ## - PUBLICATION, DISTRIBUTION, ETC.
Place of publication, distribution, etc. Nagpur
Name of publisher, distributor, etc. AIR Nagpur
300 ## - PHYSICAL DESCRIPTION
Extent 475
942 ## - ADDED ENTRY ELEMENTS (KOHA)
Source of classification or shelving scheme
Koha item type Journal and Periodical
Holdings
Withdrawn status Lost status Source of classification or shelving scheme Damaged status Not for loan Home library Current library Date acquired Source of acquisition Inventory number Total Checkouts Barcode Date last seen Price effective from Koha item type
          IIMT University College of Law IIMT University College of Law 12/28/2021 AIR Nagpur 1004/22-4-2021   04-B-9279 12/28/2021 12/28/2021 Journal and Periodical
IIMT, Central Library. All Rights Reserved IIMT,UNIVERSITY © 2023
Implemented and Customised by I CLOUDE EMS
You Are OPAC Visitor No
free web counter

Powered by Koha